Países que empiezan por la A en una mapa - Estadísticas

Estadísticas generales
  • Esta prueba ha sido intentada 129 veces
  • La puntuación promedio es 12 de 13
Respuestas en el mapa
Las respuestas están codificadas por una escala verde-roja en el mapa de la prueba según el % correcto abajo.
 
Estadísticas de respuestas
País % Correcto
Argentina
100%
Alemania
99%
Australia
97%
Austria
97%
Arabia Saudita
96%
Argelia
96%
Albania
94%
Andorra
94%
Angola
94%
Azerbaiyán
91%
Afganistán
90%
Armenia
84%
Antigua y Barbuda
79%
No se encontraron pruebas coincidentes
Distribución de puntuación
Porcentaje de gente con cada puntuación
Porcentaje por número respondido
Historial de tus puntuaciones
No has intentado esta prueba.